Slovenian Football Clubs - Statistics

General Stats
  • This quiz has been taken 131 times
  • The average score is 20 of 41
Answer Stats
Seasons played Times won Club % Correct
30 15 Maribor
100%
26 6 Olimpija
94%
30 1 Celje
92%
24 1 Koper
92%
19 Mura
88%
23 2 Domžale
80%
29 4 Gorica
79%
9 Triglav Kranj
77%
25 Rudar Velenje
76%
18 Primorje
69%
2 Bravo
66%
5 Krka Novo Mesto
66%
6 Aluminij Kidričevo
65%
9 Nafta Lendava
64%
3 Tabor Sežana
60%
7 Drava Ptuj
58%
4 Krško
58%
2 Radomlje
55%
5 Izola
52%
6 NK Ljubljana
44%
9 Beltinci
41%
4 Dravograd
41%
2 Steklar
40%
4 Interblock
38%
1 Rudar Trbovlje
37%
3 Zavrč
37%
1 Ankaran
33%
3 Jadran Dekani
32%
9 Korotan Prevalje
32%
3 Bela Krajina
29%
3 Slovan
29%
1 Ivančna Gorica
26%
3 Zagorje
25%
1 Kočevje
21%
3 Šmartno ob Paki
20%
3 Svoboda
16%
1 Jezero Medvode
13%
1 Pohorje
13%
2 Železničar Maribor
12%
4 Naklo
9%
2 Slavija Vevče
2%
No matching quizzes found
Score Distribution
Percent of People with Each Score
Percentile by Number Answered
Your Score History
You have not taken this quiz